| 000 | 01585nam2a22002531 4500 | ||
|---|---|---|---|
| 001 | RU\NLR\INFOCOMM29\5000506391 | ||
| 005 | 20250617065209.0 | ||
| 035 | _a(NLR Aleph) 002533434 | ||
| 090 |
_a2869864 _c2869864 |
||
| 100 | _a20050311d1968 |||y0rusy50 ca | ||
| 101 | 0 | _arus | |
| 102 | _aRU | ||
| 105 | _ay ||||000|y | ||
| 200 | 1 |
_aРаботы бюро технической информации Петрозаводского завода тяжелых бумагоделательных машин _fГ.Т. Верегина |
|
| 210 |
_d1968 _aБ. м. |
||
| 461 | 0 |
_1001RU\NLR\INFOCOMM29\5000506316 _12001#$aМетодическое пособие для работников служб научно-технической информации$fЦентр. ин-т науч.-техн. информации и техн.-экон. исследований по хим. и нефтяному машиностроению. ЦИНТИхимнефтемаш. Серия ХМ-13$v№5 _92869820 _cМ. _d1967- _fЦентр. ин-т науч.-техн. информации и техн.-экон. исследований по хим. и нефтяному машиностроению. ЦИНТИхимнефтемаш. Серия ХМ-13 _tМетодическое пособие для работников служб научно-технической информации _v№5 |
|
| 700 | 1 |
_aВерегина _bГ.Т. _4070 |
|
| 801 | 1 |
_aRU _bInfoComm _c20050311 |
|
| 801 | 0 |
_aRU _bNLR _gPSBO |
|
| 852 |
_aNLR _jП10/3389 |
||
| 942 | _cISSUE | ||
| 980 | _aNB | ||
| 980 | _aRUSPER | ||